Central Library OPAC University of Rajshahi

Plantation crops / (Record no. 14458)

MARC details
000 -LEADER
fixed length control field 00915cam a22002894a 4500
001 - CONTROL NUMBER
control field 14458
003 - CONTROL NUMBER IDENTIFIER
rucl marc code BD-RjUL
005 - DATE AND TIME OF LATEST TRANSACTION
control field 20211208235630.0
008 - FIXED-LENGTH DATA ELEMENTS--GENERAL INFORMATION
fixed length control field 140206s2006 ii a b 001 0 eng d
020 ## - INTERNATIONAL STANDARD BOOK NUMBER
International Standard Book Number 8185971978 (v. 1)
035 ## - SYSTEM CONTROL NUMBER
System control number (BD-RjUL)14510
040 ## - CATALOGING SOURCE
Original cataloging agency DLC
Transcribing agency DLC
Language of cataloging eng
Modifying agency BD-RjUL
041 ## - LANGUAGE CODE
Language code of text/sound track or separate title eng
082 04 - DEWEY DECIMAL CLASSIFICATION NUMBER
Classification number 633.00954
Author mark and year PLA 2006
245 00 - TITLE STATEMENT
Title Plantation crops /
Statement of responsibility, etc. edited by V.A. Parthasarathy, P.K. Chattopadhyay, T. K. Bose.
Number of part/section of a work Volume 1
250 ## - EDITION STATEMENT
Edition statement 1st ed.
260 ## - PUBLICATION, DISTRIBUTION, ETC. (IMPRINT)
Place of publication, distribution, etc. Kolkata :
Name of publisher, distributor, etc. Naya Udyog,
Date of publication, distribution, etc. 2006.
300 ## - PHYSICAL DESCRIPTION
Pagination 560 p. :
Illustrations ill. (chiefly col.) ;
Size 24 cm.
504 ## - BIBLIOGRAPHY, ETC. NOTE
Bibliography, etc Includes bibliographical references and index.
650 #0 - SUBJECT ADDED ENTRY--TOPICAL TERM
Topical term or geographic name as entry element Tropical crops
Geographic subdivision India.
General subdivision Congresses.
9 (RLIN) 45105
700 1# - ADDED ENTRY--PERSONAL NAME
Personal name Parthasarathy, V. A.
Personal name Chattopadhyay, P. K.
Fuller form of name (Pradip Kumar)
Personal name Bose, T. K.
942 ## - ADDED ENTRY ELEMENTS (KOHA)
Source of classification or shelving scheme Dewey Decimal Classification
Koha item type Books
Holdings
Lost status Source of classification or shelving scheme Materials specified (bound volume or other part) Damaged status Not for loan Collection code Permanent Location Current Location Shelving location Date acquired Source of acquisition Cost, normal purchase price Total Checkouts Full call number Date last seen Copy number Koha item type
  Dewey Decimal Classification V-1   Not For Loan Non-fiction Central Library, University of Rajshahi Central Library, University of Rajshahi Reading Room 07/07/2013 Dhaka Paragon Enterprise Ltd. 3200.00   633.00954 PLA 2006 06/02/2014 C-1 Books